000 00617nam a2200169 a 4500
001 000005669
005 20200929151735.0
008 090821s1961 dr 000 0 spa d
040 _aDO-SdBNP
_bspa
_cBNPHU
082 _a341.33
_bR426g
110 1 _aRepública Dominicana.
_bSecretaría de Estado de Relaciones Exteriores
_92256
245 1 0 _aGuía diplomática y consular.
260 _aCiudad Trujillo :
_bSecretaría de Estado de Relaciones Exteriores,
_c1961.
300 _a180 p. ;
_c23 cm.
650 4 _aDerecho internacional
_xDiplomacia
_916025
650 4 _aRelaciones internacionales
_zRepública Dominicana
_916026
999 _c5467
_d5467